000 00444cam a22001934a 4500
005 20250827113855.0
008 250528s ||||||||||||||||||||||||d
035 _a22900
020 _a9780131278370
040 _aGR-AtMCL
_bgre
_dGR-AtMCL
_eAACR2
245 1 _aOPERATING SYSTEMS
250 _a5
260 _bPearson,
_c2000
300 _a818
700 1 _aStallings, William
_91498
942 _cBK
999 _c7944
_d7944